| 000 | 00769nam a22002177a 4500 | ||
|---|---|---|---|
| 999 |
_c5347 _d5347 |
||
| 003 | AR-CdUCM | ||
| 008 | 190312b ||||| |||| 00| 0 spa d | ||
| 040 |
_aMUNICIPALIDAD PROVINCIAL DEL CUSCO _cBIBLIOTECA MUNICIPAL DEL CUSCO |
||
| 082 |
_a335.4 / _bL45 |
||
| 100 |
_aLenin, V. I. _94963 |
||
| 245 | _aLa comuna de París / | ||
| 260 |
_aMoscú : _bEditorial Progreso, |
||
| 300 |
_a150 páginas ; _c20 cm. |
||
| 505 | _aLas tareas de la dictadura democrática -- Enseñanzas de la comuna -- Fragmento de el programa militar de la revolución proletaria -- Acerca de la milicia proletaria... | ||
| 650 |
_aComunismo. _9495 |
||
| 650 |
_aLenin. _92073 |
||
| 650 |
_aProletariado. _94333 |
||
| 650 |
_aCartas de lenin. _916142 |
||
| 942 |
_2ddc _cLIBROS |
||
| 945 | _awfj | ||